<?xml version="1.0" encoding="UTF-8"?>
<record
    xmlns:xsi="http://www.w3.org/2001/XMLSchema-instance"
    xsi:schemaLocation="http://www.loc.gov/MARC21/slim http://www.loc.gov/standards/marcxml/schema/MARC21slim.xsd"
    xmlns="http://www.loc.gov/MARC21/slim">

  <leader>01988nam a2200289 i 4500</leader>
  <controlfield tag="003">DO-SdBNP</controlfield>
  <controlfield tag="005">20240626151749.0</controlfield>
  <controlfield tag="007">ta</controlfield>
  <controlfield tag="008">240626b1987    ag o       || 001 0 spa d</controlfield>
  <datafield tag="020" ind1=" " ind2=" ">
    <subfield code="a">950909773X</subfield>
  </datafield>
  <datafield tag="040" ind1=" " ind2=" ">
    <subfield code="a">DO-SdBNP</subfield>
    <subfield code="b">spa</subfield>
    <subfield code="c">BNPHU</subfield>
    <subfield code="e">rda</subfield>
  </datafield>
  <datafield tag="082" ind1=" " ind2="4">
    <subfield code="b">H746</subfield>
    <subfield code="2">22</subfield>
  </datafield>
  <datafield tag="240" ind1=" " ind2=" ">
    <subfield code="a">Hollywood As Historian. American Film in Cultural Context /</subfield>
  </datafield>
  <datafield tag="245" ind1="0" ind2="0">
    <subfield code="a">Hollywood : El cine como fuente hist&#xF3;rica : </subfield>
    <subfield code="b">la cinematograf&#xED;a en el contexto social, pol&#xED;tico y cultural /</subfield>
    <subfield code="c">compilador Peter C. Rollins ; traducci&#xF3;n Esteban Usabiaga</subfield>
  </datafield>
  <datafield tag="264" ind1=" " ind2=" ">
    <subfield code="a">Buenos Aires, Argentina :</subfield>
    <subfield code="b">Fraterna,</subfield>
    <subfield code="c">1987.</subfield>
  </datafield>
  <datafield tag="300" ind1=" " ind2=" ">
    <subfield code="a">366 p&#xE1;ginas :</subfield>
    <subfield code="b">retratos</subfield>
    <subfield code="c">20 cm.</subfield>
  </datafield>
  <datafield tag="336" ind1=" " ind2=" ">
    <subfield code="2">rdacontent</subfield>
    <subfield code="a">texto</subfield>
    <subfield code="b">txt</subfield>
  </datafield>
  <datafield tag="337" ind1=" " ind2=" ">
    <subfield code="2">rdamedia</subfield>
    <subfield code="a">sin mediaci&#xF3;n</subfield>
    <subfield code="b">n</subfield>
  </datafield>
  <datafield tag="338" ind1=" " ind2=" ">
    <subfield code="2">rdacarrier</subfield>
    <subfield code="a">volumen</subfield>
    <subfield code="b">nc</subfield>
  </datafield>
  <datafield tag="520" ind1=" " ind2=" ">
    <subfield code="a">Tomada de la introducci&#xF3;n "Los mitos y s&#xED;mbolos de Hollywood son aspectos permanentes de la conciencia hist&#xF3;rica norteamericana. En un modo obvio, los filmes estrictamente hist&#xF3;ricos han recreado las grandes luchas, o revivido personalidades hist&#xF3;ricas. Para esta compilaci&#xF3;n, dichos filmes est&#xE1;n representados por The Birth of a Nation (1915) de D. W. Griffith, y Wilson (1944), de Darryl F. Zannuck. No satisfecho con la simple recreaci&#xF3;n del pasado, Hollywood ha intentado a menudo influir sobre el decurso de la historia mediante la producci&#xF3;n de filmes conscientemente realizados para cambiar el enfoque p&#xFA;blico con respecto a asuntos de importancia pol&#xED;tica o social. Para ilustrar al respecto, se consideran aqu&#xED; documentales de la era del New Deal; adem&#xE1;s, esta antolog&#xED;a incluye un estudio en detalle de The Negro Soldier (1944), una pel&#xED;cula del tiempo de la guerra creada con el fin de alentar el orgullo y la comprensi&#xF3;n racial."</subfield>
  </datafield>
  <datafield tag="590" ind1=" " ind2=" ">
    <subfield code="a">Inventariado, 2024/ YL</subfield>
  </datafield>
  <datafield tag="650" ind1=" " ind2=" ">
    <subfield code="a">Los mongoles </subfield>
    <subfield code="x">Historia.</subfield>
    <subfield code="9">85844</subfield>
  </datafield>
  <datafield tag="700" ind1=" " ind2=" ">
    <subfield code="a"> Rollins, Peter C.</subfield>
    <subfield code="e">compilador  </subfield>
    <subfield code="9">85747</subfield>
  </datafield>
  <datafield tag="700" ind1=" " ind2=" ">
    <subfield code="a">Usabiaga, Esteban </subfield>
    <subfield code="e">traducci&#xF3;n </subfield>
    <subfield code="9">62251</subfield>
  </datafield>
  <datafield tag="910" ind1=" " ind2=" ">
    <subfield code="a">YLockward</subfield>
  </datafield>
  <datafield tag="942" ind1=" " ind2=" ">
    <subfield code="2">ddc</subfield>
    <subfield code="c">LBS1</subfield>
  </datafield>
  <datafield tag="952" ind1=" " ind2=" ">
    <subfield code="0">0</subfield>
    <subfield code="1">0</subfield>
    <subfield code="2">ddc</subfield>
    <subfield code="5">6</subfield>
    <subfield code="7">0</subfield>
    <subfield code="8">GR</subfield>
    <subfield code="a">BNPHU</subfield>
    <subfield code="b">BNPHU</subfield>
    <subfield code="c">CT</subfield>
    <subfield code="d">1988-02-05</subfield>
    <subfield code="e">Obsequio</subfield>
    <subfield code="l">0</subfield>
    <subfield code="o">H746</subfield>
    <subfield code="p">2024-3770</subfield>
    <subfield code="r">2024-06-26</subfield>
    <subfield code="w">2024-06-26</subfield>
    <subfield code="y">LBS1</subfield>
  </datafield>
  <datafield tag="999" ind1=" " ind2=" ">
    <subfield code="c">57024</subfield>
    <subfield code="d">57024</subfield>
  </datafield>
</record>
